Statistiques concernant À quel club appartiennent ces maillots?

Cliquez ici pour prendre le quiz!

Statistiques générales

  • Ce quiz a été pris 218 fois
  • Le résultat moyen est 10 sur 11

Statistiques - réponses

Réponse% Correct
PSG
99%
Real Madrid
99%
Manchester City
98%
Manchester United
97%
Arsenal
95%
Chelsea
94%
Bayern Munich
93%
Liverpool
93%
FC Barcelone
91%
Al-Nassr
71%
Santos FC
47%

Distribution des résultats

Percentile par nombre de réponses

% des personnes avec chaque résultat

Votre développement - résultats

Vous n’avez pas pris ce quiz